| 000 | 02494cam a22003615i 4500 | ||
|---|---|---|---|
| 999 |
_c27873 _d27844 |
||
| 001 | 20222211 | ||
| 003 | EG-ScBUE | ||
| 005 | 20191126130321.0 | ||
| 008 | 171215t20182018mdu f b 001 0 eng d | ||
| 020 | _a9781475837704 (cloth : alk. paper) | ||
| 020 | _a9781475837711 (pbk. : alk. paper) | ||
| 040 |
_aDLC _beng _erda _cDLC _dEG-ScBUE |
||
| 043 | _an-us--- | ||
| 082 | 0 | 4 |
_a370.115 _bSTU _222 |
| 100 | 1 |
_aStuckart, Daniel W., _d1965- _eauthor. |
|
| 245 | 1 | 0 |
_aTurning pragmatism into practice : _ba vision for social studies teachers / _cDaniel W. Stuckart. |
| 264 | 1 |
_aLanham, Maryland : _bRowman & Littlefield Publishing Group, _c[2018] |
|
| 264 | 4 | _cc2018 | |
| 300 |
_axix, 137 pages ; _c24 cm |
||
| 336 |
_atext _btxt _2rdacontent |
||
| 337 |
_aunmediated _bn _2rdamedia |
||
| 338 |
_avolume _bnc _2rdacarrier |
||
| 504 | _aIncludes bibliographical references and index. | ||
| 520 | _aDespite the founding of the modern social studies curriculum nearly a century ago based on John Dewey's pragmatism philosophy, the field has never achieved a significant and broad implementation of his ideas. Dewey's instrumentalism offers social studies educators a tool for addressing vexing problems such as whether they should design classroom experiences using a traditional or a social studies approach to learning history, the role of digital technologies, the purpose and challenges of younger learners working with an expanding horizons curriculum, and many more. At the same time, Dewey's time-tested theories describe how students use the social studies curriculum to make meaning as well as provide teachers a blueprint for implementing engaging and interactive lessons. We have neglected Dewey, which has led to confusion, student disinterest, and widespread teaching methodologies contrary to theoretical and research best practices. Revisiting Dewey provides the why and how of what we do, an ideal for creating a challenging and rigorous social studies curriculum while engaging students' interests. | ||
| 600 | 1 | 7 |
_aDewey, John, _d1859-1952 _xInfluence. _2BUEsh |
| 650 | 7 |
_aSocial sciences _xStudy and teaching _zUnited States. _2BUEsh |
|
| 650 | 7 |
_aDemocracy and education. _2BUEsh |
|
| 650 | 7 |
_aPragmatism. _2BUEsh |
|
| 653 |
_bBUSBOL _bMASPPSS _cNovember2019 |
||
| 655 | _vReading book | ||
| 776 | 0 | 8 |
_iOnline version: _aStuckart, Daniel W., 1965- author. _tTurning pragmatism into practice _dLanham : Rowman & Littlefield, [2018] _z9781475837728 _w(DLC) 2017061542 |
| 942 |
_2ddc _cBB |
||